| 000 | 00595nam a2200181 a 4500 | ||
|---|---|---|---|
| 001 | 000043113 | ||
| 005 | 20201002040640.0 | ||
| 008 | 140219s1975 sp 001 0 spa d | ||
| 020 | _a8429711031 | ||
| 040 |
_aDO-SdBNP _bspa _cBNPHU |
||
| 100 | 1 |
_aFuster, Joan _970650 |
|
| 245 | 1 | 0 |
_aContra Unamuno y los Demás / _cJoan Fuster. |
| 260 |
_aBarcelona : _bEdiciones Península, _c1975. |
||
| 300 |
_a111 [7] p. ; _c19 cm. |
||
| 490 | 1 |
_aEdiciones de bolsillo _aOpinión e informe : Ensayo _415 |
|
| 500 | _aIncluye índice | ||
| 830 | 0 |
_aEdiciones Península _bOpinión e informe : Ensayo _v415 _970651 |
|
| 999 |
_c42602 _d42602 |
||